| 000 | 00402cam a2200157ua 4500 | ||
|---|---|---|---|
| 041 |
_aeng _h |
||
| 082 |
_a823.301 _bMUR/TR |
||
| 100 | _aMurison, W . | ||
| 245 | 0 | 0 |
_aTraveller and the deserted village / _cW.Murison. _hTextual Documents |
| 260 |
_aCambridge : _bCambridge University Press , _c1936. |
||
| 300 | _a84 ; . | ||
| 504 | _a | ||
| 942 | _cBK | ||
| 999 |
_c7785 _d7785 |
||